Countries by External Debt - Statistics

General Stats
  • This quiz has been taken 21 times
  • The average score is 9 of 10
Answer Stats
Debt Country % Correct
2.6 trillion Canada
100%
3.4 trillion France
100%
25.9 trillion United States
100%
6.1 trillion Germany
95%
2.9 trillion Italy
95%
4.49 trillion Japan
95%
9.65 trillion United Kingdom
95%
2.45 trillion China
90%
3.79 trillion Netherlands
60%
2.3 trillion Switzerland
50%
No matching quizzes found
Score Distribution
Percent of People with Each Score
Percentile by Number Answered
Your Score History
You have not taken this quiz